书目信息 |
| 书名: | Differential and integral calculus | |
| 作者: | N. Piskunov ; translated from the Russian by George Yankovsky. | |
| 分册号: | ||
| 分册名: | 出版地: | Moscow : |
|
| 出版社: | Mir | |
| 出版时间: | 1974. | |
| 页数: | 576p. : | |
| 开本: | 22 cm. | |
| 丛书名: | ||
| 中图分类号: | ||
| 科图分类号: | ||
| 其他分类号: | O172:H31 | |
| 主题词: | ||
| 电子资源: | ||
| 000 | 00858nam 2200277 i 4504 | |
| 001 | E0737507776 | |
| 005 | 20070303102904.98 | |
| 008 | 0309261974 ru a 000 0 eng d | |
| 020 | @cCNY0.90. | |
| 035 | @aABD8202 | |
| 040 | @aVTU@cVTU@dTOL | |
| 041 | 1 | @aeng@hrus |
| 090 | @aP152.4/W16/1974 | |
| 090 | @aO172:H31 | |
| 092 | @a515@bP675d, 1974 | |
| 099 | @dO172:H31@ex51=2 | |
| 100 | 1 | @aPiskunov, N. S.@q(Nikola鎖 Semenovich) |
| 245 | 10 | @aDifferential and integral calculus.@nVOL.Ⅱ / @cN. Piskunov ; translated from the Russian by George Yankovsky. |
| 250 | @a2th ed. | |
| 260 | @aMoscow :@bMir,@c1974. | |
| 300 | @a576p. :@bill. ;@c22 cm. | |
| 500 | @aRevised from the 1972 Russian edition. | |
| 500 | @aIncludes indexes. | |
| 650 | 0 | @aDifferential calculus. |
| 650 | 0 | @aCalculus, Integral. |
| 920 | @a232010@z2 | |
| Differential and integral calculus.. VOL.Ⅱ / / N. Piskunov ; translated from the Russian by George Yankovsky.-2th ed.-Moscow : : Mir, , 1974. |
| 576p. : : ill. ; ; 22 cm. |
| Revised from the 1972 Russian edition.-Includes indexes. |
| ISBN CNY0.90. |
| ● |
| 相关链接 |
|
|
|
|
正题名:Differential and integral calculus
索取号:O172:H31/x51=2
 
预约/预借
| 序号 | 登录号 | 条形码 | 馆藏地/架位号 | 状态 | 备注 |
| 1 | 49912 | 202461683 | 第四借阅区/ [索取号:O172:H31/x51=2] | 在馆 |